000 00781nam a2200229Ii 4500
003 JO-AjNU
008 230605s9999||||xx |||||||||||||| ||und||
017 _a2012/12/4298
020 _a978-9957-49-073-7
040 _aJO-AjNU
_bara
_erda
_cJO-AjNU
041 _aara
050 1 4 _aPJ7848 2013
100 3 _aالقضاة، عبد الرحمن مصطفى,
_eauthor
_948818
245 0 0 _aتراتيل الضياع: شعر
264 3 1 _aعمان: وزارة الثقافة، 2013
300 _a160ص
336 _atext
_btxt
_2rdacontent
337 _aunmediated
_bn
_2rdamedia
338 _avolume
_bnc
_2rdacarrier
490 0 _aإصدارات عجلون مدينة الثقافة الاردنية؛ 2013
650 4 _aالشعر العربي - العصر الحديث
_948819
999 _aA21404
_c24972
_d24972